000 00554nam a22001937a 4500
999 _c170610
_d170610
005 20191218131605.0
010 _aA-940955
020 _c25.00
_a8126006692
035 _aA-940955
037 _bBPPD/Pub.
082 _a840.92
100 _aوہاب اشرفی
245 _aقاضی عبد الودود /
_cوہاب اسرفی
246 _aQazi Abdul Wadood (Urdu) /
_bby Wahab Ashrafi
260 _aNew Delhi
_bSahitya Akademi
_c1999 ء
270 _a-
_b-
_e-
300 _a70p.
_c22cm(Hb)
942 _2ddc
_cUR
_h840.92
_mع ب د